000 00208 a2200097 4500
001 2678
100 _aSelincourt, A.
245 _aSix great engushmen
260 _a
_bHamish Hamilton
_c
090 _c1974
_d1974
942 _aNUST-CAE
_cM
_c10824
999 _c237751
_d237751